000 00728cab a2200229 4500
001 ABS53996
008 090401t1995 xxu||||| |||| 00| 0 eng d
035 _a(Sirsi) u7811
041 _aeng
100 _aYoungman, I.
245 _aBuilding a new market
260 _c1995
350 _a0
490 _aChartered Insurance Institute Journal
_vNovember 1995, 34-35(2)
520 _aConsiders the implications of compulsory defects insurance for insurers, owners and developers of buildings, a measure proposed in the Construction Contracts Bill.
650 _aCONSTRUCTION CONTRACTS BILL
650 _aDEFECTS
650 _aLATENT DEFECTS INSURANCE
690 _aINSURANCE
_96249
942 _n0
948 _c04/03/1997
999 _c4751
_d4751